000 00743nas a2200265 4500
001 BR9213008
003 BR-BrBNA
005 20231205095207.0
007 ta
008 230509b bl.|||p| |||| 00| 00por d
040 _aBR-BrBNA
_bpor
_cBiblioteca Nacional de Agricultura
041 _a(Pt)
072 _aH60
100 1 _aAlves Sobrinho, T.
100 1 _aGoncalves, P.C.T.
245 1 _aAplicacao de herbicida em fato dirigido na cultura do milho
650 _aMilho
650 _aErva Daninha
650 _aHerbicida
650 _aPulverizacao
650 _aPulverizador
773 0 _tMaquinaria Agricola (Brazil)
_x
_g(Oct 1990), v. 5(4) p. 2-4
_wBR9213008
909 _a202311
_bLúcia
_c55
_dLúcia Elande
942 _2AGRIS
_n0
_cANA
999 _c149214
_d149214